[Event "GER-chT U14 Girls"]
[Site "Neumuenster"]
[Date "2017.12.28"]
[Round "3.2"]
[White "Schmitt, Xenia"]
[Black "Loeding, Sarah Marie"]
[Result "0-1"]
[WhiteElo "1065"]
[BlackElo "1169"]
[PlyCount "108"]
[EventDate "2017.12.26"]
[EventType "team-swiss"]
[EventRounds "7"]
[EventCountry "GER"]
[SourceTitle "CBM 182 Extra"]
[Source "ChessBase"]
[SourceDate "2018.02.23"]
[SourceVersion "1"]
[SourceVersionDate "2018.02.23"]
[SourceQuality "1"]
[WhiteTeam "Vaterstetten"]
[BlackTeam "Harksheide"]
[WhiteTeamCountry "GER"]
[BlackTeamCountry "GER"]

1. e4 e5 2. Nf3 Nf6 3. Nc3 Nc6 4. d4 exd4 5. Nxd4 Nxd4 6. Qxd4 d6 7. Bg5 Be7 8. Bc4 0-0 9. 0-0 c6 10. b4 Nxe4 11. Bxe7 Qxe7 12. Rfe1 d5 13. Bd3 Bf5 14. f3 Qg5 15. fxe4 Bh3 16. g3 a6 17. Bf1 Bg4 18. exd5 Rad8 19. Re5 f5 20. Ne4 Qg6 21. Nf2 Bf3 22. Qf4 Bxd5 23. c4 Be6 24. b5 axb5 25. cxb5 cxb5 26. Rxb5 Bd5 27. Rab1 h5 28. Bg2 Bc6 29. Bxc6 bxc6 30. Rb6 Qf6 31. Qc4+ Kh8 32. Rxc6 Qe5 33. Rc7 f4 34. Rf1 fxg3 35. Nd3 gxh2+ 36. Kg2 Qe2+ 37. Rf2 Rxd3 38. Qxd3 Rxf2+ 39. Kh3 Rf3+ 40. Qxf3 Qxf3+ 41. Kxh2 Qf4+ 42. Kh1 Qxc7 43. a4 Qe5 44. Kg2 g5 45. a5 Qxa5 46. Kh3 Qb4 47. Kg3 Qf4+ 48. Kh3 Qg4+ 49. Kh2 Kg7 50. Kh1 Kf6 51. Kh2 Kf5 52. Kh1 Kf4 53. Kh2 Kf3 54. Kh1 Qg2# 0-1

[Event "Landesliga U20 Sued 1516"]
[Site "Bayern"]
[Date "2015.11.21"]
[Round "1.3"]
[White "Schmitt, Xenia"]
[Black "Daenekamp, Felix"]
[Result "0-1"]
[WhiteElo "975"]
[BlackElo "1589"]
[PlyCount "52"]
[EventDate "2015.11.21"]
[EventType "team-tourn"]
[EventRounds "7"]
[EventCountry "GER"]
[SourceTitle "EXT 2022"]
[Source "ChessBase"]
[SourceDate "2021.10.06"]
[SourceVersion "1"]
[SourceVersionDate "2021.10.06"]
[SourceQuality "1"]
[WhiteTeam "Vaterstetten Grasbrunn U20"]
[BlackTeam "Ebersberg Grafing U20"]
[WhiteTeamCountry "GER"]
[BlackTeamCountry "GER"]

1. e4 c5 2. Nf3 Nc6 3. Nc3 d6 4. Bc4 g6 5. Ng5 e6 6. d3 Bg7 7. 0-0 Nf6 8. Nb5 0-0 9. d4 a6 10. e5 axb5 11. exf6 Bxf6 12. d5 bxc4 13. dxc6 Bxg5 14. Bxg5 Qxg5 15. Qf3 Qf5 16. cxb7 Qxf3 17. gxf3 Bxb7 18. b3 cxb3 19. cxb3 Bxf3 20. a3 Rab8 21. b4 cxb4 22. a4 b3 23. Rfb1 Rfc8 24. a5 b2 25. Ra2 Be4 26. Rbxb2 Rc1# 0-1

[Event "Landesliga U20 Sued 1415"]
[Site "Bayern"]
[Date "2014.12.13"]
[Round "3.4"]
[White "Schmitt, Xenia"]
[Black "Oelmaier, Manuel"]
[Result "0-1"]
[WhiteElo "975"]
[BlackElo "1423"]
[PlyCount "94"]
[EventDate "2014.11.15"]
[EventType "team-tourn"]
[EventRounds "7"]
[EventCountry "GER"]
[SourceTitle "EXT 2022"]
[Source "ChessBase"]
[SourceDate "2021.10.06"]
[SourceVersion "1"]
[SourceVersionDate "2021.10.06"]
[SourceQuality "1"]
[WhiteTeam "Vaterstetten Grasbrunn U20"]
[BlackTeam "Freising SK U20"]
[WhiteTeamCountry "GER"]
[BlackTeamCountry "GER"]

1. e4 e6 2. Nc3 d5 3. Nf3 dxe4 4. Nxe4 Bd7 5. Bc4 Bc6 6. d3 Bxe4 7. dxe4 Qxd1+ 8. Kxd1 Nc6 9. Bb5 0-0-0+ 10. Ke2 Nb4 11. Bg5 Be7 12. Rad1 Nf6 13. Bxf6 Bxf6 14. Rxd8+ Rxd8 15. Rd1 Bxb2 16. Rxd8+ Kxd8 17. Ng5 Nxa2 18. Nxf7+ Ke7 19. Bc4 Nc3+ 20. Kd2 Kxf7 21. Be2 a5 22. f3 a4 23. g4 a3 24. Bc4 a2 25. Bxa2 Nxa2 26. c4 Be5 27. h3 Kg6 28. h4 h5 29. gxh5+ Kxh5 30. Ke3 Kxh4 31. f4 Bd6 32. e5 Bc5+ 33. Ke4 Kg4 34. f5 exf5+ 35. Kd5 b6 36. Ke6 f4 37. Kd7 f3 38. e6 f2 39. e7 Bxe7 40. Kxe7 f1Q 41. Kd8 Qf7 42. Kc8 c5 43. Kb8 Kf5 44. Ka8 Ke6 45. Kb8 Kd6 46. Ka8 Kc6 47. Kb8 Qb7# 0-1